Online
Catalog

Deberes de los contadores Junior y Senior : (Record no. 19411)

MARC details
000 -CABECERA
campo de control de longitud fija 00703nam a2200181 a 4500
001 - NÚMERO DE CONTROL
campo de control 000019898
005 - FECHA Y HORA DE LA ÚLTIMA TRANSACCIÓN
campo de control 20200929170200.0
008 - DATOS DE LONGITUD FIJA--INFORMACIÓN GENERAL
campo de control de longitud fija 100708s1965 mx r 000 0 spa d
040 ## - FUENTE DE LA CATALOGACIÓN
Centro catalogador/agencia de origen DO-SdBNP
Lengua de catalogación spa
Centro/agencia transcriptor BNPHU
082 ## - NÚMERO DE LA CLASIFICACIÓN DECIMAL DEWEY
Número de clasificación xxx
Número de documento/Ítem D286c
110 1# - ENTRADA PRINCIPAL--NOMBRE DE ENTIDAD CORPORATIVA
Nombre de entidad corporativa o nombre de jurisdicción como elemento de entrada Instituto Mexicano de Contadores Públicos
9 (RLIN) 42446
245 10 - MENCIÓN DE TÍTULO
Título Deberes de los contadores Junior y Senior :
Resto del título suplemento de manual de contador público.
260 ## - PUBLICACIÓN, DISTRIBUCIÓN, ETC.
Lugar de publicación, distribución, etc. México D. F. :
Nombre del editor, distribuidor, etc. Instituto Mexicano de Contadores Públicos,
Fecha de publicación, distribución, etc. 1965.
300 ## - DESCRIPCIÓN FÍSICA
Extensión xi, 166 p. ;
Dimensiones 24 cm.
500 ## - NOTA GENERAL
Nota general Incluye índice analítico de sistemas.
710 1# - PUNTO DE ACCESO ADICIONAL--NOMBRE DE ENTIDAD CORPORATIVA
Nombre de entidad corporativa o nombre de jurisdicción como elemento de entrada Universidad nacional Autónoma de México
9 (RLIN) 42447
710 1# - PUNTO DE ACCESO ADICIONAL--NOMBRE DE ENTIDAD CORPORATIVA
Nombre de entidad corporativa o nombre de jurisdicción como elemento de entrada Comité de Traducción del CPA Handbook
Término indicativo de función/relación tr.
9 (RLIN) 42448
Holdings
Estado de retiro Estado de pérdida Restricciones de uso No para préstamo Código de colección Localización permanente Ubicación/localización actual Ubicación en estantería Fecha de adquisición Número de inventario Total de préstamos Signatura topográfica completa Código de barras Fecha visto por última vez Precio válido a partir de Tipo de ítem Koha Número de copia
        Monografías: Libros y Folletos General General En catalogación 08.07.2010 LF1   xxx D286c 19898-10 25.06.2020 25.06.2020 Préstamo en sala  
      Préstamo restrigido Monografías: Libros y Folletos General General En catalogación 08.07.2010 LF1   xxx D286c 19898-20 25.06.2020 25.06.2020 Préstamo en sala e. 2

Powered by Koha